000 00446nam a2200181Ia 4500
003 0STCL
008 150530s9999 xx 000 0 und d
040 _aSTCL
_cSTCL
100 _aKrishnan Nair, M.
245 _aOru Sabdathil Oru Ragam
250 _a1
260 _bPrabhath Book House; Thiruvananthapuram
_c1989
_aThiruvananthapuram
300 _a0
546 _aMalayalam
942 _2ddc
_cBK
999 _c80853
_d80853
005 20220125171751.0